000 00489nam a2200133Ia 4500
008 181023s9999 xx 000 0 und d
020 _a9789719808466
100 _aYuvienco, Joel C.
245 _cJoel C. Yuvienco
_aMedia and information literacy:
_bbeing a B.E.S.T. digital citizen for senior high school/
260 _aQuezon City:
_bC and E Publishing, Inc.
_c2017
300 _avii, 169 pages :
_bcol. illustration ;
_c25 cm.
650 _aInformation literacy
650 _aMedia literacy
999 _c359417
_d359417